Geoengineering in relation to the convention on biological diversity : (Registro nro. 8536)
[ vista simple ]
| 000 -CABECERA | |
|---|---|
| Campo de control | 01111nam a22002897a 4500 |
| 005 - FECHA Y HORA DE LA ULTIMA TRANSACCION | |
| Campo de control | 20140710134058.0 |
| 008 - ELEMENTOS DE LONGITUD FIJA—INFORMACION GENERAL | |
| Campo de control | 140710b2012 -cn||||| |||| 00| 0 eng d |
| 020 ## - ISBN | |
| ISBN | 9292254286 |
| 041 ## - IDIOMA | |
| Código de idioma para texto/pista de sonido o título separado | Español |
| 044 ## - PAÍS DE PUBLICACIÓN | |
| País de publicación | Canadá |
| 082 04 - NUMERO DE CLASIFICACION DECIMAL DEWEY | |
| Número de clasificación | 551.6 |
| Número del ítem | S44g |
| 245 00 - MENCION DE TITULO | |
| Título | Geoengineering in relation to the convention on biological diversity : |
| Parte restante del título | technical and regulatory matters |
| 260 ## - PUBLICACION, DISTRIBUCION, ETC. (PIE DE IMPRENTA) | |
| Lugar de publicación, distribución, etc. | Montreal, Canadá |
| Nombre del editor, distribuidor, etc. | Secretariat of the Convention on Biological Diversity |
| Fecha de publicación, distribución, etc. | 2012 |
| 300 ## - DESCRIPCION FISICA | |
| Extensión | 152 p. |
| Dimensiones | 28 cm. |
| 490 ## - MENCION DE SERIE | |
| Mención de serie | Technical Series |
| Designación numérica/secuencial del volumen | 66 |
| 505 ## - NOTA DE CONTENIDO | |
| Nota de contenido | Parte 1. Impacts of climate-related geoengineering on biological diversity |
| 505 ## - NOTA DE CONTENIDO | |
| Nota de contenido | Parte 2. The regulatoru framework for climate-related geoengineering rlevant to the convention on biological diversity |
| 650 #0 - ASIENTO SECUNDARIO DE MATERIA - TERMINO TEMATICO | |
| Término temático o nombre geográfico como elemento de entrada | Climatic changes |
| 650 #0 - ASIENTO SECUNDARIO DE MATERIA - TERMINO TEMATICO | |
| Término temático o nombre geográfico como elemento de entrada | Climatic changes |
| Subdivisión general | Environmental aspects. |
| 650 #0 - ASIENTO SECUNDARIO DE MATERIA - TERMINO TEMATICO | |
| Término temático o nombre geográfico como elemento de entrada | Global warming |
| 650 #0 - ASIENTO SECUNDARIO DE MATERIA - TERMINO TEMATICO | |
| Término temático o nombre geográfico como elemento de entrada | Engineering geology |
| 650 #0 - ASIENTO SECUNDARIO DE MATERIA - TERMINO TEMATICO | |
| Término temático o nombre geográfico como elemento de entrada | Environmental engineering |
| 700 1# - ASIENTO SECUNDARIO - NOMBRE PERSONAL | |
| Nombre personal | Williamson. P. |
| 700 1# - ASIENTO SECUNDARIO - NOMBRE PERSONAL | |
| Nombre personal | Watson, R.T. |
| 700 1# - ASIENTO SECUNDARIO - NOMBRE PERSONAL | |
| Nombre personal | Bodle, R. |
| 942 ## - ELEMENTOS ADICIONALES (KOHA) | |
| Sistema de clasificación | Dewey Decimal Classification |
| Tipo de ítem | Impreso |
| Withdrawn status | Lost status | Sistema de Clasificación | Damaged status | No para préstamo | Colección | Inventariado | Ubicación Permanente | Ubicación actual | Fecha de adquisición | Fuente de Valor | Valor | Total Checkouts | Número topográfico | Inventario / Código de Barras | Date last seen | Ejemplar | Price effective from | Forma de adquisición | Tipo de material |
|---|---|---|---|---|---|---|---|---|---|---|---|---|---|---|---|---|---|---|---|
| Dewey Decimal Classification | General | Inventariado 2017 | Sala Fabio Quevedo | Sala Fabio Quevedo | 10/07/2014 | Instituto | 39000.00 | LB-551.6 S44g | 034170 | 10/07/2014 | Ej. 1 | 10/07/2014 | Libro |